[Event "TUR-chT2"]
[Site "Konya"]
[Date "2017.07.09"]
[Round "1.13"]
[White "Isak, Can"]
[Black "Cam, Vedat"]
[Result "0-1"]
[WhiteElo "1357"]
[BlackElo "1776"]
[PlyCount "101"]
[EventDate "2017.07.09"]
[EventType "team-swiss"]
[EventRounds "9"]
[EventCountry "TUR"]
[SourceTitle "CBM 179 Extra"]
[Source "ChessBase"]
[SourceDate "2017.08.23"]
[SourceVersion "1"]
[SourceVersionDate "2017.08.23"]
[SourceQuality "1"]
[WhiteTeam "Atakum Belediye"]
[BlackTeam "Mezopotamya"]
[WhiteTeamCountry "TUR"]
[BlackTeamCountry "TUR"]

1. e4 g6 2. d4 Bg7 3. Nc3 d6 4. Be3 Nc6 5. Nf3 e5 6. dxe5 Nxe5 7. Nxe5 Bxe5 8. Bd4 Be6 9. Bxe5 dxe5 10. Be2 c6 11. 0-0 Qc7 12. Qd3 Nf6 13. Rad1 Nd7 14. Qd6 0-0-0 15. Qxc7+ Kxc7 16. Rd2 f5 17. exf5 gxf5 18. f4 e4 19. Rfd1 Nf6 20. Rxd8 Rxd8 21. Rxd8 Kxd8 22. Kf2 Ke7 23. Ke3 h5 24. h4 Kd6 25. Kd4 b5 26. b4 a6 27. a3 Bf7 28. g3 Ne8 29. Bf1 Ng7 30. Bh3 Bg6 31. a4 Ne6+ 32. Ke3 c5 33. axb5 cxb4 34. Nxe4+ fxe4 35. f5 Be8 36. fxe6 Bxb5 37. Kxe4 a5 38. Ke3 a4 39. Kd2 Bc4 40. Kc1 Bxe6 41. Bf1 Kc5 42. Be2 Bf7 43. g4 hxg4 44. Bxg4 Bg6 45. h5 Bh7 46. Bd7 a3 47. Ba4 Kd4 48. Bb3 Kc3 49. h6 Bxc2 50. Ba2 b3 51. Bb1 0-1